• 首页
  • 本馆介绍
  • 公告通知
  • 最新文献
  • 馆藏检索
  • 电子资源
  • 读者导购
  • 参考咨询
  • 我的图书馆
  • 登录
  • 详细信息显示
  • 放入我的书架
  • 预约/预借图书
  • 作者相关作品
  • 分类相关作品
  • 丛书相关作品
  • 出版社相关作品

书目信息

  • 表格格式
  • 工作单格式
  • 卡片格式
书名: The use of information in a changing world
作者: edited by A. van der Laan and A.A. Winters.
分册号:
分册名:
出版地: Amsterdam :
 
出版社: North-holland
出版时间: 1984.
页数: xii, 469 p. :
开本: 23 cm.
丛书名:
中图分类号:
科图分类号:
其他分类号: G358
主题词:
电子资源:
000 00743nam 2200229 4500
001 E0730244281
005 20070226082503.90
020    @a0444875549.
090    @aG358
099    @dG358@ex4
111 2  @aFID Congress@n(42nd :@d1984 :@cHague, Neterlands)
245 14 @aThe use of information in a changing world :@bproceedings of the ... / @cedited by A. van der Laan and A.A. Winters.
260    @aAmsterdam :@bNorth-holland,@c1984.
300    @axii, 469 p. :@bill. ;@c23 cm.
490 0  @aFID publication ;@v631
504    @aIncludes bibliographies and index.
700 1  @aWinters, A.A.
700 1  @aLaan, A. van der,@d1916-
710 2  @aF俤俽ation Internationale de Documentation.
920    @a211180@z2
920    @a262070@z1
998    @aCAU
    
    The use of information in a changing world : : proceedings of the ... / / edited by A. van der Laan and A.A. Winters.-Amsterdam : : North-holland, , 1984.
    xii, 469 p. : : ill. ; ; 23 cm.- (FID publication ; 631)
    Includes bibliographies and index.
    
    ISBN 0444875549.
    
●
相关链接 在E读中查询图书 在五车中查询图书 在当当中查询图书 在豆瓣中查询图书


正题名:use of information in a changing world     索取号:G358/x4         预约/预借

序号 登录号 条形码 馆藏地/架位号 状态 备注
1 181669   001171519   第二样本阅览室/ [索取号:G358/x4] 在馆    
2 181670   001171528   第四借阅区/ [索取号:G358/x4] 在馆    
3 181671   001171537   第四借阅区/ [索取号:G358/x4] 在馆    
唐山师范学院图书馆 欢迎您!
大连网信软件有限公司© 版权所有